[Event "COL-chT (Women)"]
[Site "Medellin"]
[Date "2021.12.09"]
[Round "1.2"]
[White "Orozco, Lina Yomayra"]
[Black "Chirivi Castiblanco, Jenny Astrid"]
[Result "0-1"]
[WhiteElo "2053"]
[BlackElo "2150"]
[PlyCount "98"]
[EventDate "2021.12.09"]
[EventType "team-tourn"]
[EventRounds "5"]
[EventCountry "COL"]
[SourceTitle "CBM 205 Extra"]
[Source "ChessBase"]
[SourceDate "2022.01.31"]
[SourceVersion "1"]
[SourceVersionDate "2022.01.31"]
[SourceQuality "1"]
[WhiteTeam "Liga del Valle (W)"]
[BlackTeam "Liga de Antioquia (W)"]
[WhiteTeamCountry "COL"]
[BlackTeamCountry "COL"]

1. e4 e6 2. d4 d5 3. Nd2 Be7 4. Ngf3 Nf6 5. Bd3 c5 6. dxc5 dxe4 7. Nxe4 Nxe4 8. Bxe4 Qxd1+ 9. Kxd1 Bxc5 10. Ke2 Nd7 11. Rd1 Nf6 12. Bg5 h6 13. Bxf6 gxf6 14. Nd4 Ke7 15. Rd2 f5 16. Bf3 e5 17. Nb3 Bb6 18. Bd5 a5 19. Rad1 Rd8 20. c3 Rb8 21. Na1 Bc7 22. Nc2 b5 23. b4 f4 24. Na3 axb4 25. cxb4 Rb6 26. Nb1 f5 27. Nc3 Bd6 28. a3 Rb8 29. Bc6 Be6 30. Bxb5 Rxb5 31. Nxb5 Bc4+ 32. Ke1 Bxb5 33. g3 fxg3 34. hxg3 Ke6 35. f3 e4 36. Kf2 Bd3 37. Rh1 Rh8 38. Rdd1 Be5 39. fxe4 Bd4+ 40. Ke1 fxe4 41. Rh5 Be3 42. Rh4 Ke5 43. Rh5+ Kd4 44. Rf5 Rg8 45. b5 Rxg3 46. Rxd3+ Kxd3 47. Rd5+ Bd4 48. Rf5 Rg1+ 49. Rf1 Bc3+ 0-1

[Event "COL-ch Blitz (Women)"]
[Site "Villavicencio"]
[Date "2021.11.15"]
[Round "10"]
[White "Munoz Monroy, Cinthya Carolina"]
[Black "Orozco, Lina Yomayra"]
[Result "1-0"]
[WhiteElo "1956"]
[BlackElo "1979"]
[PlyCount "49"]
[EventDate "2021.11.15"]
[EventType "swiss (blitz)"]
[EventRounds "13"]
[EventCountry "COL"]
[SourceTitle "CBM 205 Extra"]
[Source "ChessBase"]
[SourceDate "2022.01.31"]
[SourceVersion "1"]
[SourceVersionDate "2022.01.31"]
[SourceQuality "1"]

1. e4 c5 2. c3 d5 3. exd5 Qxd5 4. d4 Nf6 5. Nf3 Bg4 6. Be2 cxd4 7. cxd4 e6 8. Nc3 Qd8 9. h3 Bh5 10. 0-0 Be7 11. Qb3 Qb6 12. Bb5+ Nbd7 13. Ne5 Rd8 14. g4 Bg6 15. g5 Qxd4 16. gxf6 Qxe5 17. fxe7 Kxe7 18. Qb4+ Nc5 19. Be3 b6 20. Qa3 Qh5 21. Qxa7+ Kf6 22. Qxb6 Qxh3 23. Bc6 Rd6 24. Qxc5 Rc8 25. Qg5# 1-0

[Event "COL-ch Blitz (Women)"]
[Site "Villavicencio"]
[Date "2021.11.15"]
[Round "11"]
[White "Orozco, Lina Yomayra"]
[Black "Dominguez, Laura Lucia"]
[Result "1-0"]
[WhiteElo "1979"]
[BlackElo "2140"]
[PlyCount "134"]
[EventDate "2021.11.15"]
[EventType "swiss (blitz)"]
[EventRounds "13"]
[EventCountry "COL"]
[SourceTitle "CBM 205 Extra"]
[Source "ChessBase"]
[SourceDate "2022.01.31"]
[SourceVersion "1"]
[SourceVersionDate "2022.01.31"]
[SourceQuality "1"]

1. e4 c5 2. Nf3 g6 3. d4 cxd4 4. Nxd4 Bg7 5. Nc3 Nc6 6. Nde2 h5 7. h4 Nf6 8. g3 d6 9. Bg2 0-0 10. 0-0 Rb8 11. a4 a6 12. Bg5 Ne5 13. Ra2 Be6 14. Nd5 Bxd5 15. exd5 Qc7 16. b3 Rbc8 17. c4 Nfg4 18. Bc1 a5 19. Bb2 Nf6 20. Bd4 Neg4 21. Nc3 Nd7 22. Nb5 Qd8 23. Bxg7 Kxg7 24. Qd4+ Kg8 25. Re2 Nc5 26. Qc3 Re8 27. Rfe1 Ra8 28. Bf3 Nf6 29. Re3 Nfd7 30. Bg2 Ne5 31. Bh3 Kh7 32. R1e2 Ncd7 33. f4 Ng4 34. Bxg4 hxg4 35. Qe1 Qb6 36. Kg2 Nf6 37. Rxe7 Rf8 38. Qc3 Nh5 39. Rd7 Rad8 40. Rde7 Ng7 41. Qf6 Kg8 42. Qd4 Qa6 43. Qa7 Qxa7 44. Nxa7 Rb8 45. Nb5 Rfd8 46. Rc7 Nf5 47. Re4 Kg7 48. Re2 Kf6 49. Re4 b6 50. Nc3 Re8 51. Rc6 Rxe4 52. Nxe4+ Ke7 53. Rc7+ Ke8 54. Nf6+ Kd8 55. Rxf7 Kc8 56. Rf8+ Kc7 57. Rf7+ Kc8 58. Ne4 Rb7 59. Rf8+ Kd7 60. h5 Ke7 61. Rh8 Rd7 62. hxg6 Ng7 63. Rh7 Kf8 64. Rh8+ Ke7 65. Kf2 Rc7 66. Rh7 Kf8 67. Ng5 Kg8 1-0

[Event "COL-ch Blitz (Women)"]
[Site "Villavicencio"]
[Date "2021.11.15"]
[Round "1"]
[White "Orozco, Lina Yomayra"]
[Black "Lopez Rayo, Isabella"]
[Result "1-0"]
[WhiteElo "1979"]
[BlackElo "1640"]
[PlyCount "20"]
[EventDate "2021.11.15"]
[EventType "swiss (blitz)"]
[EventRounds "13"]
[EventCountry "COL"]
[SourceTitle "CBM 205 Extra"]
[Source "ChessBase"]
[SourceDate "2022.01.31"]
[SourceVersion "1"]
[SourceVersionDate "2022.01.31"]
[SourceQuality "1"]

1. e4 c5 2. Nf3 e6 3. d4 cxd4 4. Nxd4 a6 5. Nc3 Qc7 6. g3 Bb4 7. Nde2 Nf6 8. Bg2 0-0 9. 0-0 Nc6 10. a3 Be7 1-0

[Event "COL-ch Blitz (Women)"]
[Site "Villavicencio"]
[Date "2021.11.15"]
[Round "4"]
[White "Toro Castaneda, Elizabeth"]
[Black "Orozco, Lina Yomayra"]
[Result "0-1"]
[WhiteElo "1912"]
[BlackElo "1979"]
[PlyCount "66"]
[EventDate "2021.11.15"]
[EventType "swiss (blitz)"]
[EventRounds "13"]
[EventCountry "COL"]
[SourceTitle "CBM 205 Extra"]
[Source "ChessBase"]
[SourceDate "2022.01.31"]
[SourceVersion "1"]
[SourceVersionDate "2022.01.31"]
[SourceQuality "1"]

1. e4 c5 2. Nf3 e6 3. d4 cxd4 4. Nxd4 Nc6 5. Nc3 Qc7 6. g3 a6 7. Bg2 Bb4 8. 0-0 Nge7 9. Nb3 Ng6 10. f4 Na5 11. Bd2 Nc4 12. Na4 Bxd2 13. Nxd2 Ne3 14. Qe2 Nxf1 15. Nxf1 b5 16. Nc3 Bb7 17. g4 Nxf4 18. Qf3 Nxg2 19. Qxg2 Rc8 20. a3 Qf4 21. Ng3 Qxg4 22. Rf1 0-0 23. Qd2 d5 24. Rf4 Qg6 25. exd5 exd5 26. Rd4 Rfe8 27. Kg2 h6 28. h4 Rc4 29. h5 Rxd4 30. Qxd4 Qxc2+ 31. Kh3 Qc1 32. Nf5 Qf1+ 33. Kh2 Qxf5 0-1

[Event "COL-ch (Women)"]
[Site "Fusagasuga"]
[Date "2020.12.08"]
[Round "11"]
[White "Orozco, Lina Yomayra"]
[Black "Hernandez Bermudez, Manuela"]
[Result "1/2-1/2"]
[WhiteElo "2065"]
[BlackElo "1638"]
[PlyCount "82"]
[EventDate "2020.12.01"]
[EventType "tourn"]
[EventRounds "11"]
[EventCountry "COL"]
[SourceTitle "CBM 199 Extra"]
[Source "ChessBase"]
[SourceDate "2021.01.31"]
[SourceVersion "1"]
[SourceVersionDate "2021.01.31"]
[SourceQuality "1"]

1. e4 c5 2. Nf3 d6 3. d4 cxd4 4. Qxd4 a6 5. c4 Nc6 6. Qd2 Nf6 7. Nc3 g6 8. b3 Bg7 9. Bb2 0-0 10. h3 Be6 11. Be2 Qa5 12. Nd5 Qxd2+ 13. Nxd2 Bxd5 14. exd5 Ne5 15. 0-0 b5 16. cxb5 axb5 17. f4 Ned7 18. Bxb5 Nb6 19. a4 Rfc8 20. Rac1 Nbxd5 21. Nc4 Ne4 22. Bxg7 Kxg7 23. Rce1 Nec3 24. Bd7 Rc7 25. Bg4 Nxa4 26. Ra1 Nab6 27. Nxb6 Nxb6 28. Rxa8 Nxa8 29. Bf3 Nb6 30. Rb1 d5 31. Kf2 Kf6 32. Ke3 Ke6 33. Kd3 Kd6 34. Ra1 f6 35. Ra6 Rc6 36. b4 Nd7 37. Ra5 Nb6 38. Ra6 Nd7 39. Ra7 e6 40. Bd1 Rc7 41. Ra6+ Ke7 1/2-1/2

[Event "COL-ch (Women)"]
[Site "Fusagasuga"]
[Date "2020.12.07"]
[Round "10"]
[White "Moncada Correa, Sara"]
[Black "Orozco, Lina Yomayra"]
[Result "1/2-1/2"]
[WhiteElo "1897"]
[BlackElo "2065"]
[PlyCount "118"]
[EventDate "2020.12.01"]
[EventType "tourn"]
[EventRounds "11"]
[EventCountry "COL"]
[SourceTitle "CBM 199 Extra"]
[Source "ChessBase"]
[SourceDate "2021.01.31"]
[SourceVersion "1"]
[SourceVersionDate "2021.01.31"]
[SourceQuality "1"]

1. d4 Nf6 2. c4 e6 3. g3 d5 4. Nf3 Be7 5. Bg2 0-0 6. 0-0 dxc4 7. Qc2 b5 8. a4 b4 9. Qxc4 Bb7 10. Re1 Nbd7 11. Bg5 Rc8 12. Nbd2 c5 13. Rac1 cxd4 14. Qxd4 Qb6 15. Qxb6 Nxb6 16. b3 Nbd5 17. Nc4 h6 18. Bxf6 Bxf6 19. Nfe5 Rc7 20. Ng4 Be7 21. Bxd5 exd5 22. Na5 Rxc1 23. Rxc1 Rc8 24. Rxc8+ Bxc8 25. Ne3 Be6 26. Nc6 Kf8 27. Nc2 Bc5 28. N2xb4 Bxb4 29. Nxb4 d4 30. Nc6 Bxb3 31. a5 Bc4 32. Kf1 d3 33. exd3 Bxd3+ 34. Ke1 Ke8 35. Kd2 Bf1 36. Nxa7 Kd7 37. Kc3 Ba6 38. Kb4 Kd6 39. Nb5+ Kc6 40. Nd4+ Kd5 41. Nf5 Ke4 42. Nxg7 Kf3 43. Nf5 h5 44. h3 Kxf2 45. g4 hxg4 46. hxg4 Kf3 47. Nd6 f6 48. Ne8 Kxg4 49. Nxf6+ Kf5 50. Ne8 Ke5 51. Kc5 Bf1 52. Nd6 Ke6 53. Kc6 Bg2+ 54. Kc7 Bf1 55. Nc8 Kd5 56. Kb6 Ke6 57. Kb7 Kd5 58. Kc7 Kc5 59. Nd6 Ba6 1/2-1/2

[Event "COL-ch (Women)"]
[Site "Fusagasuga"]
[Date "2020.12.06"]
[Round "9"]
[White "Pachon Gutierrez, Adriana Paola"]
[Black "Orozco, Lina Yomayra"]
[Result "0-1"]
[WhiteElo "2037"]
[BlackElo "2065"]
[PlyCount "36"]
[EventDate "2020.12.01"]
[EventType "tourn"]
[EventRounds "11"]
[EventCountry "COL"]
[SourceTitle "CBM 199 Extra"]
[Source "ChessBase"]
[SourceDate "2021.01.31"]
[SourceVersion "1"]
[SourceVersionDate "2021.01.31"]
[SourceQuality "1"]

1. b3 d5 2. Bb2 Bg4 3. f4 e6 4. Nf3 Bxf3 5. exf3 h5 6. Qe2 Nc6 7. Na3 Bxa3 8. Bxa3 Qf6 9. c3 Qxf4 10. Qe3 Qxe3+ 11. dxe3 0-0-0 12. Bb5 Nge7 13. Ke2 a6 14. Bd3 Rhe8 15. Rhd1 Kb8 16. Kf2 Nc8 17. Rd2 Nd6 18. Be2 g5 0-1

[Event "COL-ch (Women)"]
[Site "Fusagasuga"]
[Date "2020.12.02"]
[Round "3"]
[White "Argote Heredia, Valentina"]
[Black "Orozco, Lina Yomayra"]
[Result "1/2-1/2"]
[WhiteElo "2192"]
[BlackElo "2065"]
[PlyCount "34"]
[EventDate "2020.12.01"]
[EventType "tourn"]
[EventRounds "11"]
[EventCountry "COL"]
[SourceTitle "CBM 199 Extra"]
[Source "ChessBase"]
[SourceDate "2021.01.31"]
[SourceVersion "1"]
[SourceVersionDate "2021.01.31"]
[SourceQuality "1"]

1. e4 c5 2. Nc3 e6 3. Nf3 a6 4. d4 cxd4 5. Nxd4 Nc6 6. Be3 Qc7 7. Be2 Nf6 8. 0-0 Be7 9. Qd2 0-0 10. Rad1 b5 11. a3 Bb7 12. f3 Rac8 13. Nxc6 Bxc6 14. Bg5 Ra8 15. Be3 Rac8 16. Bg5 Ra8 17. Be3 Rac8 1/2-1/2

[Event "COL-ch pre olympic (Women)"]
[Site "El Bagre"]
[Date "2019.12.14"]
[Round "10"]
[White "Castrillon Gomez, Melissa"]
[Black "Orozco, Lina Yomayra"]
[Result "1/2-1/2"]
[WhiteElo "2189"]
[BlackElo "2060"]
[PlyCount "182"]
[EventDate "2019.12.09"]
[EventType "tourn"]
[EventRounds "11"]
[EventCountry "COL"]
[SourceTitle "CBM 193 Extra"]
[Source "ChessBase"]
[SourceDate "2020.01.31"]
[SourceVersion "1"]
[SourceVersionDate "2020.01.31"]
[SourceQuality "1"]

1. Nf3 g6 2. e4 Bg7 3. d4 c5 4. c3 cxd4 5. cxd4 d5 6. e5 Nc6 7. Bb5 Nh6 8. Bxc6+ bxc6 9. 0-0 0-0 10. Nbd2 Bg4 11. h3 Bxf3 12. Nxf3 Qb6 13. b3 c5 14. Ba3 cxd4 15. Bxe7 Rfe8 16. Bg5 Nf5 17. Re1 h6 18. Bf4 h5 19. Qd2 Bf8 20. Re2 Qb4 21. Qd3 Qc3 22. Rd1 Qxd3 23. Rxd3 Bc5 24. Bc1 Rac8 25. Bb2 Ng7 26. Nxd4 Ne6 27. Nxe6 fxe6 28. Bd4 Bb6 29. Bxb6 axb6 30. Kh2 Rf8 31. Rd4 g5 32. g3 Kg7 33. Kg2 Kg6 34. a4 Rc5 35. b4 Rc3 36. Ra2 Ra8 37. a5 bxa5 38. bxa5 Ra6 39. f4 g4 40. hxg4 hxg4 41. Rb4 Rc5 42. Rb8 Rcxa5 43. Rg8+ Kf7 44. Rxa5 Rxa5 45. Rxg4 Ra2+ 46. Kf3 Ra3+ 47. Kf2 Ra2+ 48. Ke3 Ra3+ 49. Kd4 Ra4+ 50. Kc5 Ra5+ 51. Kb4 Ra1 52. Rg5 Rc1 53. Kb3 d4 54. Kb2 Rc8 55. Rh5 Rc3 56. g4 Rg3 57. Rh7+ Kf8 58. Rd7 Rxg4 59. Rxd4 Ke7 60. Kc3 Rg1 61. Kd2 Rg2+ 62. Ke3 Rg3+ 63. Ke4 Rg1 64. Ra4 Re1+ 65. Kf3 Rf1+ 66. Kg3 Rg1+ 67. Kf2 Rb1 68. Ra7+ Ke8 69. Ke3 Rb3+ 70. Ke4 Rb4+ 71. Kf3 Rb1 72. Kg4 Rg1+ 73. Kh5 Rg2 74. Kh6 Rg4 75. Ra4 Kf7 76. Kh5 Rg1 77. Ra7+ Ke8 78. Kh4 Rg2 79. Ra3 Kf7 80. Rg3 Rh2+ 81. Kg4 Rh8 82. Ra3 Rg8+ 83. Kf3 Rg1 84. Ra7+ Ke8 85. Ke4 Re1+ 86. Kd4 Rd1+ 87. Kc5 Rd5+ 88. Kc6 Rd4 89. Rh7 Rd1 90. Ra7 Rd2 91. Ra4 Ke7 1/2-1/2

[Event "COL-ch pre olympic (Women)"]
[Site "El Bagre"]
[Date "2019.12.14"]
[Round "9"]
[White "Orozco, Lina Yomayra"]
[Black "Chirivi Castiblanco, Jenny Astrid"]
[Result "1/2-1/2"]
[WhiteElo "2060"]
[BlackElo "2188"]
[PlyCount "86"]
[EventDate "2019.12.09"]
[EventType "tourn"]
[EventRounds "11"]
[EventCountry "COL"]
[SourceTitle "CBM 193 Extra"]
[Source "ChessBase"]
[SourceDate "2020.01.31"]
[SourceVersion "1"]
[SourceVersionDate "2020.01.31"]
[SourceQuality "1"]

1. e4 c5 2. Nf3 e6 3. d4 cxd4 4. Nxd4 a6 5. c4 Bc5 6. Nc2 Qf6 7. Qf3 Qxf3 8. gxf3 Nc6 9. Be3 b6 10. Nc3 Rb8 11. Rg1 g6 12. 0-0-0 Ke7 13. Be2 Nf6 14. Rd2 Bxe3 15. fxe3 d6 16. Rgd1 Rd8 17. b4 Bb7 18. Na4 Ba8 19. c5 dxc5 20. bxc5 b5 21. Nb6 Rxd2 22. Rxd2 Bb7 23. Nd4 Rd8 24. Kc2 e5 25. Nxc6+ Bxc6 26. Rxd8 Kxd8 27. a4 Nd7 28. axb5 Bxb5 29. Bxb5 axb5 30. Kc3 Nxc5 31. Nd5 Ne6 32. h4 h6 33. Nf6 g5 34. h5 Ng7 35. Ng4 Nxh5 36. Nxe5 Ke7 37. Ng4 Ng3 38. Nxh6 Ke6 39. Kb4 Nf1 40. f4 gxf4 41. exf4 Ng3 42. e5 Nf5 43. Nxf7 Kxf7 1/2-1/2

[Event "COL-chT rapid (Women)"]
[Site "Cartagena"]
[Date "2019.11.29"]
[Round "5.1"]
[White "Orozco, Lina Yomayra"]
[Black "Franco Valencia, Angela Maria"]
[Result "1-0"]
[WhiteElo "2053"]
[BlackElo "2201"]
[PlyCount "163"]
[EventDate "2019.11.29"]
[EventType "team-swiss"]
[EventRounds "7"]
[EventCountry "COL"]
[SourceTitle "CBM 193 Extra"]
[Source "ChessBase"]
[SourceDate "2020.01.31"]
[SourceVersion "1"]
[SourceVersionDate "2020.01.31"]
[SourceQuality "1"]
[WhiteTeam "Valle (W)"]
[BlackTeam "Bolivar (W)"]
[WhiteTeamCountry "COL"]
[BlackTeamCountry "COL"]

1. e4 e5 2. Nf3 Nc6 3. Nc3 Bb4 4. d4 exd4 5. Nxd4 Nf6 6. Nxc6 bxc6 7. Bd3 d5 8. 0-0 0-0 9. e5 Ng4 10. Bf4 Re8 11. h3 Nxe5 12. Bxh7+ Kxh7 13. Qh5+ Kg8 14. Bxe5 Bd6 15. Rfe1 Bd7 16. Re2 Bxe5 17. Rxe5 Qf6 18. Rae1 Rxe5 19. Rxe5 Rb8 20. Na4 Qf4 21. b3 Re8 22. Rxe8+ Bxe8 23. Qe2 Bd7 24. Qe3 Qxe3 25. fxe3 Bf5 26. c3 Kf8 27. Kf2 Ke7 28. Nc5 Kd6 29. b4 Ke5 30. a4 Bc2 31. a5 f5 32. h4 Bd1 33. Na6 Kd6 34. Kg3 Be2 35. Nc5 Ke5 36. Nb3 Ke4 37. Kf2 Bb5 38. Nc5+ Ke5 39. Kf3 Bf1 40. Nd7+ Ke6 41. Nc5+ Ke5 42. Nb3 Bb5 43. Nd4 Ba4 44. g3 Bd1+ 45. Kf2 Ba4 46. Kf3 a6 47. Ke2 g6 48. Nf3+ Ke4 49. Ng5+ Ke5 50. Nf7+ Ke4 51. Nh8 Bb5+ 52. Kf2 f4 53. gxf4 Kf5 54. Nf7 Ba4 55. Ne5 Bb5 56. Kf3 Ba4 57. Kg3 Bb5 58. Kf2 Ba4 59. Kg3 Bb5 60. Nd7 Be2 61. Nc5 Bc4 62. Kf3 Bf1 63. Nb3 Ke6 64. Nd4+ Kd6 65. Nb3 Bc4 66. Nc5 Ke7 67. Kg4 Kf6 68. Nd7+ Kg7 69. Kg5 Bd3 70. Ne5 Be4 71. Nxc6 Bd3 72. Nd4 Kf7 73. Nc6 Be4 74. Ne5+ Kg7 75. Nd7 Bd3 76. Nc5 Bc4 77. Ne6+ Kf7 78. Nxc7 Kg7 79. Ne8+ Kf8 80. Nd6 Bd3 81. Kf6 Bc2 82. Nb7 1-0

[Event "COL-chT (Women)"]
[Site "Cartagena"]
[Date "2019.11.25"]
[Round "3.3"]
[White "Orozco, Lina Yomayra"]
[Black "Pachon Gutierrez, Adriana Paola"]
[Result "0-1"]
[WhiteElo "2073"]
[BlackElo "1926"]
[PlyCount "114"]
[EventDate "2019.11.24"]
[EventType "team-swiss"]
[EventRounds "7"]
[EventCountry "COL"]
[SourceTitle "CBM 193 Extra"]
[Source "ChessBase"]
[SourceDate "2020.01.31"]
[SourceVersion "1"]
[SourceVersionDate "2020.01.31"]
[SourceQuality "1"]
[WhiteTeam "Valle (W)"]
[BlackTeam "Cundinamarca (W)"]
[WhiteTeamCountry "COL"]
[BlackTeamCountry "COL"]

1. e4 e5 2. Nf3 Nc6 3. Bc4 g6 4. d4 exd4 5. 0-0 Bg7 6. a3 Nge7 7. Re1 0-0 8. Ba2 d6 9. Nbd2 Be6 10. Nb3 Bg4 11. h3 Bxf3 12. Qxf3 Ne5 13. Qg3 c5 14. f4 Nd7 15. a4 Kh8 16. Nd2 f5 17. Nf3 fxe4 18. Rxe4 Nf6 19. Re2 Nf5 20. Qe1 d5 21. g4 Nd6 22. Ng5 Qd7 23. Ne6 Rfe8 24. Nxc5 Qc6 25. Nd3 Qxa4 26. b3 Qc6 27. Bb2 Nfe4 28. Ne5 Bxe5 29. fxe5 Nb5 30. Qb4 a5 31. Qe1 Rxe5 32. b4 Nbc3 33. Bxc3 dxc3 34. bxa5 Nd2 35. Qf2 Rxe2 36. Qxe2 Qf6 37. Qf2 Qxf2+ 38. Kxf2 Rxa5 39. Ke3 Ra4 40. Kd3 d4 41. g5 b5 42. h4 Kg7 43. Re1 Rxa2 44. Re7+ Kf8 45. Rxh7 Nf3 46. Rb7 Ra4 47. Rb8+ Kf7 48. Rb7+ Ke6 49. Rb6+ Kf5 50. h5 Ne5+ 51. Ke2 gxh5 52. Rxb5 Ra2 53. Kd1 Ra1+ 54. Ke2 Rc1 55. g6 Rxc2+ 56. Kd1 Rg2 57. Rxe5+ Kxe5 0-1

[Event "Uniagraria AlphaZero op 2nd"]
[Site "Uniagraria"]
[Date "2019.11.10"]
[Round "5"]
[White "Orozco, Lina Yomayra"]
[Black "Ruiz Castillo, Joshua Daniel"]
[Result "0-1"]
[WhiteElo "2073"]
[BlackElo "2496"]
[PlyCount "124"]
[EventDate "2019.11.08"]
[EventType "swiss"]
[EventRounds "7"]
[EventCountry "COL"]
[SourceTitle "CBM 193 Extra"]
[Source "ChessBase"]
[SourceDate "2020.01.31"]
[SourceVersion "1"]
[SourceVersionDate "2020.01.31"]
[SourceQuality "1"]

1. e4 e6 2. d4 d5 3. Nd2 a6 4. Ngf3 c5 5. Be2 Nc6 6. exd5 Qxd5 7. dxc5 Bxc5 8. 0-0 Nf6 9. Nb3 Qxd1 10. Rxd1 Ba7 11. Bf4 Bd7 12. Ne5 Nxe5 13. Bxe5 Bc6 14. Na5 Bd5 15. c4 Be4 16. Kf1 Bb6 17. f3 Bxa5 18. Bxf6 gxf6 19. fxe4 Bc7 20. h3 Ke7 21. Rd3 Rad8 22. Rad1 Rxd3 23. Rxd3 b6 24. Ra3 a5 25. Rd3 Rg8 26. Kf2 Rg5 27. g4 Rc5 28. b3 a4 29. bxa4 Ra5 30. Bd1 Bd6 31. Ke3 Re5 32. Kf3 h5 33. Rb3 hxg4+ 34. hxg4 Rc5 35. Be2 Ra5 36. Rxb6 Rxa4 37. Rb7+ Kf8 38. Rb2 Ra3+ 39. Kf2 Kg7 40. Rd2 Bc5+ 41. Kg2 Kg6 42. Bd1 Re3 43. Re2 Rc3 44. e5 Rxc4 45. Kf3 Kg5 46. Re4 Rc1 47. Be2 Rc3+ 48. Kg2 fxe5 49. Rxe5+ Kf4 50. Rh5 Rc2 51. Kf1 Kg3 52. Ke1 Bb4+ 53. Kd1 Rd2+ 54. Ke1 Rxa2+ 55. Kd1 Rd2+ 56. Ke1 Rd4+ 57. Kf1 Rf4+ 58. Kg1 Bc3 59. Rb5 Rf2 60. Rb3 Rxe2 61. Rxc3+ Kxg4 62. Rc4+ Kf3 0-1

[Event "COL pre olympic sf3"]
[Site "Cartagena"]
[Date "2019.08.16"]
[Round "4"]
[White "Torres, Jorge Emilio"]
[Black "Orozco, Lina Yomayra"]
[Result "1-0"]
[WhiteElo "2010"]
[BlackElo "2123"]
[PlyCount "77"]
[EventDate "2019.08.14"]
[EventType "swiss"]
[EventRounds "10"]
[EventCountry "COL"]
[SourceTitle "EXT 2020"]
[Source "ChessBase"]
[SourceDate "2019.10.17"]
[SourceVersion "1"]
[SourceVersionDate "2019.10.17"]
[SourceQuality "1"]

1. d4 g6 2. Nf3 Bg7 3. e3 d6 4. Be2 f5 5. c4 Nh6 6. Nc3 0-0 7. Qb3 e5 8. dxe5 dxe5 9. e4 f4 10. Nd5 c6 11. Nb4 Nf7 12. h4 Nd7 13. Qc2 Qe7 14. Bd2 Nc5 15. a3 a5 16. Na2 Nxe4 17. h5 Nxd2 18. Nxd2 Bf5 19. Ne4 Rfd8 20. hxg6 hxg6 21. Nac3 Rd4 22. f3 Nd6 23. c5 Nf7 24. Qb3 a4 25. Qb6 Be6 26. Rd1 Bb3 27. Rd2 Rad8 28. Bd1 Bxd1 29. Rxd1 Rxd1+ 30. Nxd1 Qd7 31. Ndc3 Qd3 32. Qxb7 Qc2 33. 0-0 Qb3 34. Qxc6 Qxb2 35. Qxa4 Ng5 36. Qc4+ Kh8 37. Rb1 Nxf3+ 38. gxf3 Qc2 39. Qe2 1-0